Olly and Me : 1.2.3

Bibliographic Details
Main Author: Hudges, Shirley
Format: Book
Published: London : Walker Books , 2009
Subjects:

MARC

LEADER 00000cam a2200000 7i4500
001 0000033630
005 20220105104114.0
008 120921
020 |a 1406315134 
090 0 0 |a JP   |b EL ENG 
100 1 |a Hudges, Shirley 
245 1 0 |a Olly and Me :   |b 1.2.3   |c Shirley Hudges 
260 |a London :   |b Walker Books ,   |c 2009 
500 |a Children age 4-6 years old (yellow) 
650 0 |a Counting   |x Juvenile literature 
650 0 |a Early childhood education   |x Parent participation 
999 |a 0001157053   |b Book   |c Children Collection   |e Perbadanan Perpustakaan Awam Johor